000 00396nam a22001697a 4500
005 20160618105250.0
008 160618b xxu||||| |||| 00| 0 eng d
020 _a978-81-203-3323-9
041 _aeng
082 _b8084
100 _aPushplata and Kumar Sanjay
_92182
245 _aCommunicate or Collaple
260 _bPHI
_c2010
300 _a283
650 _aManagement
_9241
942 _cBK
999 _c3050
_d3049